000 00953naa a22002777a 4500
001 BR8701739
003 BR-BrBNA
005 20240918175759.0
007 ta
008 230509b bl.||||| |||| 00| 0 por d
040 _aBR-BrBNA
_bpor
_cBiblioteca Nacional de Agricultura
041 _a(Pt)
072 _aQ02
_b9410
090 _aQ02 BR8701739
100 1 _aCarvalho, I.C. de
111 1 _a4. Congresso Nacional de Laticinios
_cJuiz de Fora, MG (Brazil)
_d18-22 Jul 1977
245 1 _aCrioscopia do leite
260 3 _aBelo Horizonte, MG (Brasil):
_c1977.
500 _aAnais do 4. Congresso Nacional de Laticinios Belo Horizonte, MG (Brasil): 1977. p. 161-170 (BR8701739-AM)Q02
650 _aLEITE
650 _aCRIOSCOPIA
650 _aCONGELAMENTO
773 0 _tAnais do 4. Congresso Nacional de Laticinios
_wQ02 BR8701739
_gBelo Horizonte, MG (Brasil), 1977. p. 161-170
909 _a202404
_bLucia
_c55
_dLucia Elande
942 _cAM
_2AGRIS
999 _c318111
_d318111